[Event "45th Olympiad 2024"]
[Site "Budapest HUN"]
[Date "2024.09.18"]
[Round "7.59"]
[Board "3"]
[White "Egesa emmanuel"]
[Black "Gavarrete, Joel"]
[Result "0-1"]
[WhiteElo "2128"]
[BlackElo "2059"]
[PlyCount "68"]
[EventDate "2024.09.11"]
[WhiteTeam "Uganda"]
[BlackTeam "Honduras"]
[WhiteTeamCountry "UGA"]
[BlackTeamCountry "HON"]

1. d4 Nf6 2. c4 e6 3. Nf3 d5 4. g3 c6 5. Bg2 Bb4+ 6. Nbd2 O-O 7. O-O Nbd7 8. Qc2 Re8 9. e4 Bxd2 10. Nxd2 dxe4 11. Nxe4 Nxe4 12. Qxe4 e5 13. dxe5 Nxe5 14. Qc2 $146 ({RR} 14. c5 Bg4 15. Kh1 Qd3 16. Qxd3 Nxd3 17. Be3 Be2 18. Rfb1 a5 19. a3 h6 20. b3 Ne5 21. h3 Rad8 22. Re1 Bf3 23. Bxf3 Nxf3 24. Red1 g5 25. Kg2 Ne5 26. Rab1 f6 27. Bd4 Rd5 28. Be3 Red8 {1-0 Roos,T (2235)-Knick,P BL2-Sued-West 8788 1987 [3]}) 14... Qd3 15. Qxd3 Nxd3 16. Rd1 Bf5 17. b3 Nxc1 18. Raxc1 Re2 19. a3 a5 20. Rc3 Rae8 21. Bf1 Rb2 22. Re3 Kf8 23. Rxe8+ Kxe8 24. Bd3 Bg4 25. Rb1 Ra2 26. a4 Rd2 27. Re1+ Kd8 28. Re3 Bh3 29. Be2 Rb2 30. f4 Bf5 31. Bf3 Bc2 32. Be4 Bxb3 33. Bxh7 Bxc4 34. h4 Rb3 0-1

[Event "45th Olympiad 2024"]
[Site "Budapest HUN"]
[Date "2024.09.18"]
[Round "7.59"]
[Board "4"]
[White "Zuniga Garcia, German"]
[Black "Nsubuga, Haruna"]
[Result "0-1"]
[WhiteElo "1877"]
[BlackElo "2243"]
[PlyCount "124"]
[EventDate "2024.09.11"]
[WhiteTeam "Honduras"]
[BlackTeam "Uganda"]
[WhiteTeamCountry "HON"]
[BlackTeamCountry "UGA"]

1. e4 e5 2. Nf3 Nc6 3. Nc3 Nf6 4. Bb5 Bc5 5. Nxe5 O-O 6. O-O Nxe5 7. d4 Bb4 8. dxe5 Bxc3 9. bxc3 Nxe4 10. Bd3 d5 ({RR} 10... Nc5 11. Ba3 d6 12. Bxc5 dxc5 13. Qh5 g6 14. Qh6 Qe7 15. Rae1 Be6 16. f4 f5 17. exf6 Qxf6 18. f5 gxf5 19. Rxe6 Qxh6 20. Rxh6 {1-0 Nikolovski,N (2381)-Smilevski,B (1749) Open ch-MKD 2024 (1.2)}) 11. Qh5 Qe7 $146 ({RR} 11... g6 12. Qh6 Qe7 13. Be3 c5 14. f3 Nxc3 15. Rae1 Re8 16. Bd2 c4 17. Bxg6 fxg6 18. Bxc3 Qc5+ 19. Kh1 d4 20. Bd2 Rxe5 21. Rxe5 Qxe5 22. Re1 Qg7 23. Re8+ Kf7 {1-0 Silva,A (2235)-De Pinho,T Porto District-ch prel A 2006 (1.1)}) 12. f3 g6 13. Qh6 Nxc3 14. Re1 f6 15. Ba3 c5 16. exf6 Qxf6 17. Bxc5 Be6 18. Bxf8 Rxf8 19. Qe3 Bf7 20. Qxa7 b6 21. Qe7 Qd4+ 22. Qe3 Ne2+ 23. Kf2 Qh4+ 24. Kxe2 Re8 25. Be4 dxe4 26. f4 Bc4+ 27. Kd2 Qxh2 28. Kc3 b5 29. Rg1 Qh4 30. Kb2 Qf6+ 31. Qc3 Qxf4 32. Rh1 h5 33. a4 e3 34. axb5 Bxb5 35. Ra7 Qe5 36. Re1 e2 37. Qxe5 Rxe5 38. Ra5 Rf5 39. Kc3 Kg7 40. Kb4 Rf1 41. Raa1 Bc6 42. g3 Rf3 43. Rxe2 Rxg3 44. c4 h4 45. Kc5 Bg2 46. Rc1 h3 47. Kd6 h2 48. Ree1 Rh3 49. Rh1 Bxh1 50. Rxh1 Kf6 51. Kd5 Kf5 52. c5 Kf4 53. c6 Kg3 54. c7 Rh8 55. Rc1 g5 56. Ke6 g4 57. Kd7 Kh3 58. Re1 Ra8 59. Re8 h1=Q 60. Re3+ Kh4 61. Rd3 Qe4 62. Rd1 Qa4+ 0-1

[Event "45th Olympiad 2024"]
[Site "Budapest HUN"]
[Date "2024.09.18"]
[Round "7.60"]
[Board "1"]
[White "Alrehaili, Ahmed Abdullah S"]
[Black "Giron, Jorge Ernesto"]
[Result "0-1"]
[WhiteElo "2117"]
[BlackElo "2276"]
[PlyCount "54"]
[EventDate "2024.09.11"]
[WhiteTeam "Saudi Arabia"]
[BlackTeam "El Salvador"]
[WhiteTeamCountry "SAU"]
[BlackTeamCountry "ESA"]

1. e4 c5 2. Nf3 d6 3. d4 cxd4 4. Nxd4 Nf6 5. Nc3 Bd7 6. f3 e5 7. Nb3 Be7 8. Be3 O-O 9. Qd2 a5 10. a4 Na6 11. O-O-O Nb4 ({RR} 11... Nc7 12. Bb6 Qb8 13. Kb1 Bc6 14. Bxc7 Qxc7 15. Nb5 Qb6 16. Bc4 Rfd8 17. Qe2 Rac8 18. Rd2 d5 19. exd5 Nxd5 20. Bxd5 Bxd5 21. Rhd1 Qe6 22. Nc3 Bxb3 23. Rxd8+ Bxd8 24. cxb3 Qxb3 25. Qxe5 Bf6 26. Qb5 {½-½ Zheng,H (2211)-Sedlak,N (2422) Chess Slovak Open 2024 (3.3)}) 12. g4 Rc8 13. Kb1 Be6 14. Qf2 $146 ({RR} 14. h4 Nd7 15. g5 Nb6 16. h5 Nxa4 17. Nxa4 Rxc2 18. Qxc2 Nxc2 19. Kxc2 Qd7 20. Nc3 Rc8 21. Nc5 Rxc5 22. Bxc5 a4 23. Kb1 Bb3 24. Rd2 Qc6 25. Ba3 Bxg5 26. Rxd6 Qc7 27. Bd3 h6 28. Nd5 Qc8 {0-1 Khandelwal,A (2228)-Hakobyan,A (2626) Titled Tue 24th Jan Late 2023 (1)}) ({RR} 14. g5 Nh5 15. Rg1 Qc7 16. Bb5 Rfd8 17. Qf2 Qb8 18. Bb6 Nf4 19. Rg3 Rf8 20. Bxa5 d5 21. exd5 Nfxd5 22. Nxd5 Nxd5 23. h4 b6 24. Bd2 Bf5 25. Rc1 Qc7 26. Bd3 Bxd3 27. cxd3 Qd7 28. Rg4 Nf4 {0-1 Dwilewicz,K (2079)-Sliwicka,A (2274) POL-ch Ekstraliga-A Rapid 2022 (4.4)}) ({RR} 14. g5 Nd7 15. f4 exf4 16. Bxf4 Nc5 17. Nd4 Bg4 18. Be2 Bxe2 19. Qxe2 Ne6 20. Nxe6 fxe6 21. Qg4 Qd7 22. Bxd6 Bxd6 23. e5 Rc6 24. exd6 Rxd6 25. Nb5 Rd5 26. Nc3 Qc6 {½-½ Gopal,G (2555)-Baklan,V (2627) Pfalz op 2nd 2009 (9)}) 14... d5 15. g5 Nd7 16. exd5 Bf5 17. Ne4 Rxc2 18. Rd2 Rxd2 19. Qxd2 Nb6 20. d6 Bxd6 21. Nxa5 N6d5 22. Nxb7 Qa8 23. Nbxd6 Qxa4 24. Bd3 Ra8 25. Kc1 Qb3 26. Bb1 Ra1 27. Qe2 Rxb1+ 0-1

[Event "45th Olympiad 2024"]
[Site "Budapest HUN"]
[Date "2024.09.18"]
[Round "7.60"]
[Board "2"]
[White "Chavez, Ricardo Ernesto"]
[Black "Al Thebaiti, Ahmed M"]
[Result "1-0"]
[WhiteElo "2185"]
[BlackElo "1993"]
[PlyCount "89"]
[EventDate "2024.09.11"]
[WhiteTeam "El Salvador"]
[BlackTeam "Saudi Arabia"]
[WhiteTeamCountry "ESA"]
[BlackTeamCountry "SAU"]

1. e4 e5 2. Nf3 Nc6 3. Bb5 a6 4. Ba4 Nf6 5. d4 exd4 6. O-O Be7 7. Re1 O-O 8. e5 Nd5 9. Nxd4 Nxd4 10. Qxd4 Nb6 11. Bb3 d5 12. exd6 Bxd6 13. Bf4 Bxf4 14. Qxf4 Nd5 15. Bxd5 Qxd5 16. Qxc7 Bf5 17. Nc3 Qd8 18. Qxb7 Bxc2 $146 ({RR} 18... Rb8 19. Qf3 Bxc2 20. b3 Qa5 21. Rac1 Bg6 22. h3 Rfd8 23. Red1 h6 24. Na4 Rd2 25. Qc3 Qxc3 26. Nxc3 Rbd8 27. b4 R8d3 28. Rxd2 Rxd2 29. a3 Kf8 30. Na4 Bd3 31. Rc8+ Ke7 32. Rc7+ Ke8 33. Nc5 {½-½ Makk,R (2238)-Platzgummer,F (2311) Oberwart op-A 34th 2012 (6)}) 19. Rac1 Bg6 20. Nd5 Rb8 21. Ne7+ Kh8 22. Qxa6 Rxb2 23. Qa3 Rb8 24. Nc6 Ra8 25. Qb4 Qf6 26. a4 Rfc8 27. Qb5 h6 28. Ne5 Rcb8 29. Qe2 Bf5 30. Rc6 Be6 31. Nd7 Rb2 32. Nxf6 Rxe2 33. Rxe2 gxf6 34. h3 Rxa4 35. Rc7 f5 36. Kh2 Ra6 37. Rec2 Ra4 38. R2c6 Re4 39. f3 Re2 40. Kg3 Ra2 41. Re7 Re2 42. Rc5 Ra2 43. Rcc7 Rd2 44. Re8+ Kg7 45. Rxe6 1-0

[Event "45th Olympiad 2024"]
[Site "Budapest HUN"]
[Date "2024.09.18"]
[Round "7.60"]
[Board "3"]
[White "Alshnaiber, Yazeed"]
[Black "Arias, Daniel"]
[Result "0-1"]
[WhiteElo "1889"]
[BlackElo "2213"]
[PlyCount "59"]
[EventDate "2024.09.11"]
[WhiteTeam "Saudi Arabia"]
[BlackTeam "El Salvador"]
[WhiteTeamCountry "SAU"]
[BlackTeamCountry "ESA"]

1. e4 c5 2. Nf3 d6 3. d4 cxd4 4. Nxd4 Nf6 5. Nc3 a6 6. Be3 e5 7. Nf3 Be7 8. Bc4 Be6 9. Bxe6 fxe6 10. Ng5 Qd7 11. Qf3 Nc6 12. O-O-O ({RR} 12. Qh3 Nd8 13. Bb6 h6 14. O-O-O O-O 15. Bxd8 hxg5 16. Bxe7 Qxe7 17. Qg3 Rac8 18. Qxg5 Rc6 19. f3 Rfc8 20. Kb1 Qc7 21. Rd3 d5 22. exd5 exd5 23. Nxd5 Nxd5 24. Rxd5 Rxc2 25. Rhd1 Rxb2+ 26. Kxb2 Qc2+ {½-½ So,W (2751)-Aronian,L (2729) Saint Louis Rapid 2024 (3.4)}) ({RR} 12. Qh3 Nd8 13. O-O-O O-O 14. f4 exf4 15. e5 h6 16. exf6 Bxf6 17. Bxf4 Bxg5 18. Bxg5 hxg5 19. Ne4 Nf7 20. Qh5 Qa4 21. Nc3 Qh4 22. Qg6 Qf4+ 23. Kb1 Qf5 24. Qh5 g4 25. Qh4 d5 26. h3 Qg5 {1-0 Goryachkina,A (2553)-Golubovic,E (2025) Titled Tue 16th Jan Early 2024 (2)}) 12... b5 $146 ({RR} 12... h6 13. Qh3 Nd8 14. Bb6 O-O 15. Bxd8 hxg5 16. Bxe7 Qxe7 17. Rd2 b5 18. Qe3 Rac8 19. Rhd1 Rc6 20. Kb1 g4 21. Ne2 b4 22. f3 a5 23. f4 a4 24. fxe5 dxe5 25. Nc1 Rc4 26. Qg5 Qc7 27. Qg6 {½-½ Gavrilescu,D (2522)-Grandelius,N (2660) European Rapid 2022 (7.2)}) ({RR} 12... O-O 13. Qh3 Nd8 14. Bb6 Re8 15. f4 Qc6 16. Bxd8 Bxd8 17. Nxe6 Ba5 18. Nd5 Nxe4 19. Qg4 Qd7 20. f5 Nf2 21. Nf6+ Kh8 22. Nxd7 Nxg4 23. Rxd6 Ne3 24. f6 gxf6 25. Nxf6 Re7 26. c3 Nc4 27. Rd7 {1-0 Pintor,S (2082)-Forgas Moreno,Y (2272) Famalicao op 7th 2019 (9)}) ({RR} 12... h6 13. Qh3 O-O-O 14. Nf7 b5 15. Nxh8 Rxh8 16. a3 Na5 17. f4 exf4 18. Bxf4 Qc6 19. Qxe6+ {1-0 Ibarra Jerez,J (2561)-Semjonovs,I (2240) Titled Tuesday intern op 5th Sept blitz 2017 (1)}) 13. Qh3 Nd8 14. f4 exf4 15. Bxf4 e5 16. Qxd7+ Kxd7 17. Bd2 h6 18. Nf3 Rb8 19. a3 Nc6 20. h3 a5 21. Rhe1 b4 22. axb4 Nxb4 23. Nxe5+ dxe5 24. Bxh6+ Ke6 25. Bxg7 Rhc8 26. Bxf6 Bxf6 27. g4 a4 28. Re2 a3 29. Na4 a2 30. Kd2 0-1

[Event "45th Olympiad 2024"]
[Site "Budapest HUN"]
[Date "2024.09.18"]
[Round "7.60"]
[Board "4"]
[White "Guevara Ruiz, Marvin Andres"]
[Black "Khayat, Emad"]
[Result "0-1"]
[WhiteElo "2003"]
[BlackElo "1907"]
[PlyCount "110"]
[EventDate "2024.09.11"]
[WhiteTeam "El Salvador"]
[BlackTeam "Saudi Arabia"]
[WhiteTeamCountry "ESA"]
[BlackTeamCountry "SAU"]

1. e4 e5 2. Nf3 Nc6 3. Bc4 Bc5 4. c3 Nf6 5. d3 O-O 6. Bg5 h6 7. Bh4 Be7 8. O-O d6 9. Nbd2 Na5 ({RR} 9... Nh5 10. Bxe7 Qxe7 11. d4 Nf4 12. Re1 Qf6 13. d5 Ne7 14. Bf1 g5 15. Nc4 Bg4 16. Ne3 Nh3+ 17. gxh3 Bxf3 18. Ng4 Qf4 19. Qc1 Bxg4 20. Qxf4 exf4 21. hxg4 Ng6 22. f3 Kg7 23. Kf2 Rh8 24. a4 {0-1 Shohat,Y (2415)-Kravtsiv,M (2598) Titled Tue 27th Aug Early 2024 (6)}) 10. Bb5 a6 11. Ba4 Nh5 $146 ({RR} 11... c5 12. Re1 b5 13. Bc2 Nd7 14. Bg3 Bf6 15. Nf1 Nb6 16. Ne3 Nc6 17. Bb3 Be6 18. Bxe6 fxe6 19. Nc2 Qc7 20. Qe2 Rfe8 21. Rad1 Qe7 22. d4 exd4 23. cxd4 e5 24. dxc5 dxc5 25. Ne3 Nd4 26. Nxd4 {0-1 Jordan Martinez,D (2095)-Silva Rodriguez,F (2235) Almansa op-A 12th 2017 (2)}) ({RR} 11... b5 12. Bc2 c5 13. b4 cxb4 14. cxb4 Nc6 15. a3 Bg4 16. Qb1 Qb6 17. Qb2 g5 18. Bg3 Nh5 19. Kh1 Be6 20. Bd1 Nxg3+ 21. fxg3 f6 22. Bb3 Bxb3 23. Qxb3+ Kg7 24. Rae1 Rac8 25. h3 Qd8 26. Nh2 {½-½ Holtmannspoetter,M (1640)-Herding,R (1716) Steinfurt Bezirksliga 0708 2007 (1.2)}) ({RR} 11... b5 12. Bc2 Nh5 13. Bxe7 Qxe7 14. a4 Bg4 15. b4 Nc6 16. h3 Bd7 17. Re1 Nf4 18. Nf1 Qf6 19. Ne3 Ne7 20. d4 Neg6 21. Kh2 a5 22. axb5 axb4 23. Rxa8 Rxa8 24. cxb4 Rb8 25. Nd5 Nxd5 26. exd5 {0-1 Karttunen,M (2445)-Stefansson,H (2521) EU-Cup 29th Rhodes 2013 (6.1)}) 12. Bxe7 Qxe7 13. d4 b5 14. Bc2 Qf6 15. Nxe5 dxe5 16. Qxh5 exd4 17. Qf3 Qxf3 18. Nxf3 dxc3 19. bxc3 c5 20. Ne5 Be6 21. f4 Rfd8 22. Rf2 Rd6 23. Nd3 Rc8 24. e5 Rd7 25. f5 Bc4 26. Nf4 Nc6 27. Re1 Re8 28. e6 Rd6 29. Bb3 Bxb3 30. axb3 Nd8 31. Rfe2 fxe6 32. fxe6 g5 33. e7 gxf4 34. exd8=Q Rexd8 35. Re8+ Rxe8 36. Rxe8+ Kf7 37. Rc8 Rd1+ 38. Kf2 Rd2+ 39. Kf1 Rb2 40. Rxc5 Rxb3 41. Rc7+ Ke6 42. Rc6+ Kd5 43. Rxa6 Rxc3 44. Rb6 Kc4 45. Rxh6 b4 46. Rf6 b3 47. Rxf4+ Kd3 48. Rb4 Kc2 49. g4 b2 50. Rxb2+ Kxb2 51. g5 Kb3 52. h4 Kc4 53. Kg2 Kd5 54. h5 Ke6 55. h6 Kf7 0-1

[Event "45th Olympiad 2024"]
[Site "Budapest HUN"]
[Date "2024.09.18"]
[Round "7.61"]
[Board "1"]
[White "Tan, Jun Ying"]
[Black "Ebosse Kingue Victor Patrick"]
[Result "1-0"]
[WhiteElo "2322"]
[BlackElo "2014"]
[PlyCount "139"]
[EventDate "2024.09.11"]
[WhiteTeam "Malaysia"]
[BlackTeam "Cameroon"]
[WhiteTeamCountry "MAS"]
[BlackTeamCountry "CAM"]

1. d4 Nf6 2. c4 g6 3. Nc3 Bg7 4. e4 d6 5. Nf3 O-O 6. Be2 e5 7. O-O Nc6 8. d5 Ne7 9. b4 Nh5 10. Re1 f5 11. Ng5 Nf6 12. f3 c6 13. Be3 Bh6 14. h4 cxd5 15. exd5 f4 16. Bf2 Bxg5 17. hxg5 Nh5 18. c5 Nf5 19. Ne4 Nfg3 20. Bxg3 Nxg3 $146 ({RR} 20... fxg3 21. Bc4 Bf5 22. Nxd6 Qxg5 23. Nxf5 Rxf5 24. d6+ Kg7 25. Re4 Nf4 26. d7 Qh4 27. Rxf4 Qxf4 28. Be6 Qe3+ 29. Kh1 Qh6+ 30. Kg1 Qh2+ 31. Kf1 Qh1+ 32. Ke2 Qxg2+ 33. Kd3 Rf4 34. Kc3 Rd4 {0-1 Kotanjian,T (2559)-Kotronias,V (2612) Thessaloniki Kalamaria op 2007 (5)}) 21. Bc4 Nxe4 22. Rxe4 Qxg5 23. cxd6 Bd7 24. Qe2 Rf5 25. Bb5 Rd8 26. Rc1 Qf6 27. Rc7 Bxb5 28. Qxb5 Qxd6 29. Qxb7 Qb6+ 30. Kf1 Rh5 31. Rg7+ Kh8 32. Qxb6 axb6 33. Rb7 Rxd5 34. Rc4 Rh1+ 35. Ke2 Rd8 36. Rc2 Rg1 37. Kf2 Rgd1 38. Re2 Rb1 39. Rxb6 Rdd1 40. Rc2 Rf1+ 41. Ke2 Rbd1 42. Rd2 Rxd2+ 43. Kxd2 Rf2+ 44. Kd3 Rxa2 45. Ke4 Re2+ 46. Kd5 Kg7 47. b5 e4 48. fxe4 Rxg2 49. Rb7+ Kh6 50. e5 Re2 51. e6 g5 52. Rf7 Kg6 53. b6 Rb2 54. b7 f3 55. Kc6 Rc2+ 56. Kd7 Rd2+ 57. Kc8 Rc2+ 58. Rc7 Rxc7+ 59. Kxc7 f2 60. e7 f1=Q 61. e8=Q+ Kg7 62. Qe5+ Kg6 63. b8=Q Qc4+ 64. Kd6 Kh5 65. Qbe8+ Kh4 66. Qe4+ Qxe4 67. Qxe4+ Kg3 68. Qxh7 Kf4 69. Qh1 g4 70. Qg2 1-0

[Event "45th Olympiad 2024"]
[Site "Budapest HUN"]
[Date "2024.09.18"]
[Round "7.61"]
[Board "2"]
[White "Zebaze Dongmo Loic Dylane"]
[Black "Wong, Jianwen"]
[Result "0-1"]
[WhiteElo "1914"]
[BlackElo "2231"]
[PlyCount "142"]
[EventDate "2024.09.11"]
[WhiteTeam "Cameroon"]
[BlackTeam "Malaysia"]
[WhiteTeamCountry "CAM"]
[BlackTeamCountry "MAS"]

1. d4 Nf6 2. Nc3 d6 3. Bf4 c6 ({RR} 3... g6 4. e3 Bg7 5. h4 O-O 6. h5 Nxh5 7. Rxh5 gxh5 8. Qxh5 f5 9. Bc4+ e6 10. Nf3 Qe8 11. Qh2 Nc6 12. O-O-O Qg6 13. Rh1 h6 14. Nb5 Rf7 15. Nh4 Qf6 16. g4 fxg4 17. Rg1 h5 18. Ng2 {1-0 Bortnyk,O (2607)-Caruana,F (2782) Bullet Chess Winners 2023 (1.3)}) ({RR} 3... Nbd7 4. e4 e5 5. dxe5 dxe5 6. Be3 c6 7. Bc4 Be7 8. f3 O-O 9. Qe2 b5 10. Bb3 a5 11. a4 b4 12. Nd1 c5 13. Nf2 Nb6 14. Ngh3 Ba6 15. Qd2 Qc7 16. Bd5 Rad8 17. Nd3 Nfxd5 18. exd5 {0-1 Tripurambika V (1723)-Latreche,K (1943) Swiss Queens Wed #28 2024 (8.57)}) 4. e3 Qa5 5. Nf3 $146 ({RR} 5. Bd3 e5 6. Bg3 Be7 7. a3 Nbd7 8. Nge2 O-O 9. O-O Nh5 10. b4 Qc7 11. dxe5 dxe5 12. Ne4 f5 13. N2c3 Nxg3 14. Nxg3 Nb6 15. e4 f4 16. Nf5 Bf6 17. a4 Bxf5 18. exf5 e4 19. Nxe4 Bxa1 {½-½ Costa Trave,J (2022)-Saiz Rodrigo,J (1937) Barcelona Sant Marti op-A 17th 2015 (5)}) 5... b5 6. Bd3 Nbd7 7. e4 b4 8. Ne2 e5 9. Bd2 Qb6 10. O-O Be7 11. Ng3 g6 12. dxe5 dxe5 13. Qe2 Qc7 14. c3 a5 15. Rac1 Nc5 16. Bc4 Ne6 17. Ng5 Nxg5 18. Bxg5 Nh5 19. Bxe7 Nf4 20. Qd2 Qxe7 21. Rfd1 Bg4 22. Qd6 Rc8 23. f3 Qxd6 24. Rxd6 Ke7 25. Rcd1 Be6 26. Bxe6 Nxe6 27. Rd7+ Kf6 28. Kf2 bxc3 29. bxc3 Rb8 30. R1d2 Rb5 31. Nf1 Rc5 32. Ne3 h5 33. c4 Rb8 34. R7d6 a4 35. Ke2 Rb1 36. Kd3 Rb7 37. Kc3 Ke7 38. R6d3 Ra5 39. Rb2 Raa7 40. Rdd2 Rxb2 41. Rxb2 Kd6 42. Nc2 h4 43. h3 Nf4 44. Ne3 Ke7 45. c5 Rd7 46. Rd2 Rxd2 47. Kxd2 Ne6 48. Kc3 Nxc5 49. Kb4 Nd3+ 50. Kxa4 Kd6 51. Kb3 Kc5 52. Kc3 Nf4 53. a4 Ne2+ 54. Kd3 Nf4+ 55. Kc3 g5 56. Ng4 Nxg2 57. Nxe5 Nf4 58. Nxf7 Nxh3 59. e5 Nf4 60. Nxg5 h3 61. Nxh3 Nxh3 62. e6 Nf4 63. e7 Nd5+ 64. Kd3 Nxe7 65. f4 Kb4 66. Kd4 c5+ 67. Ke5 c4 68. Kd4 Nf5+ 69. Ke5 Ng3 70. Kd4 c3 71. a5 c2 0-1

[Event "45th Olympiad 2024"]
[Site "Budapest HUN"]
[Date "2024.09.18"]
[Round "7.61"]
[Board "3"]
[White "Kavin Mohan"]
[Black "Amba Oyon Marius Claude"]
[Result "1-0"]
[WhiteElo "1997"]
[BlackElo "1975"]
[PlyCount "93"]
[EventDate "2024.09.11"]
[WhiteTeam "Malaysia"]
[BlackTeam "Cameroon"]
[WhiteTeamCountry "MAS"]
[BlackTeamCountry "CAM"]

1. d4 Nf6 2. c4 c5 3. d5 b5 4. cxb5 a6 5. bxa6 g6 6. Nc3 Bxa6 7. e4 Bxf1 8. Kxf1 d6 9. Nf3 Nbd7 10. g3 Bg7 11. Kg2 O-O 12. Re1 Qb6 13. a4 ({RR} 13. Qe2 Rfb8 14. e5 dxe5 15. Nxe5 Nxe5 16. Qxe5 Rd8 17. Qf4 Qb7 {½-½ Petrosian,T (2595)-Bukal,V (2400) Oberwart op 1981}) 13... Rfb8 14. Nb5 ({RR} 14. Ra3 Ne8 15. Nd2 Qb4 16. Na2 Qd4 17. b3 Ne5 18. Nf3 Nxf3 19. Kxf3 Qa1 20. Kg2 Bb2 21. Bxb2 Qxb2 22. Qc1 Rxb3 23. Qxb2 Rxb2 24. Nc3 Ra5 25. e5 Kf8 26. exd6 Nxd6 27. Rb1 Rxb1 28. Nxb1 c4 {1-0 Turzo,A (2279)-Korsunsky,Y (2369) Titled Tue 18th Jun Early 2024 (5)}) 14... Qd8 $146 ({RR} 14... Ne8 15. Nd2 Nc7 16. Nc4 Qb7 17. Nxc7 Qxc7 18. a5 Rb4 19. Qc2 Qb7 20. Bd2 Rb5 21. Bc3 Qa6 22. Ra4 Nf6 23. Qe2 Rb7 24. f4 Re8 25. Qd2 Qb5 26. Qc2 Qa6 27. Qd2 Qb5 28. Qc2 Qa6 29. Qd2 {½-½ Abrahamsson,D-Roder,P (2170) Politiken Cup 25th 2003 (1)}) ({RR} 14... Ne8 15. Bd2 Bxb2 16. Rb1 Bg7 17. a5 Qa6 18. Qa4 Rb7 19. Na3 Ne5 20. Nxe5 Bxe5 21. Rxb7 Qxb7 22. Rb1 Qa6 23. Nc4 Bd4 24. Rb6 Qc8 25. Qc6 Qd8 26. Rb7 e6 27. dxe6 fxe6 28. f3 Rc8 29. Qb6 {1-0 Tarasova,V (2276)-Alexieva,S (2395) EU-ch (Women) 9th 2008 (4)}) ({RR} 14... Ne8 15. Nd2 Qa6 16. Ra3 Nb6 17. b3 Qb7 18. Qc2 Nc7 19. Nxc7 Qxc7 20. a5 Nd7 21. Nc4 Ne5 22. Nb6 Ra7 23. f4 Nd7 24. Nc4 Qb7 25. Bd2 f5 26. Kh3 Nf6 27. exf5 gxf5 28. Ne3 Nxd5 29. Qxf5 {0-1 Deppe,L (1843)-Rutsatz,M (1967) Rhein Main op-B 20th 2017 (4)}) 15. Ra3 Ng4 16. Nd2 Ngf6 17. Nc4 Nb6 18. b3 Nfd7 19. Qc2 h6 20. Bd2 Nf6 21. h3 Qd7 22. Qd3 Ne8 23. Rb1 h5 24. h4 Qc8 25. Na5 Qa6 26. Qc2 Bf6 27. Nc6 Rb7 28. Rd1 Nxd5 29. exd5 Rxb5 30. axb5 Qxa3 31. Qc4 Nc7 32. b6 Na6 33. Qa4 Qxa4 34. bxa4 c4 35. b7 Re8 36. Rc1 e6 37. dxe6 d5 38. e7 Be5 39. Nxe5 Rxe7 40. Rb1 Nb8 41. Nf3 f6 42. Bf4 Nd7 43. a5 Re2 44. a6 Ra2 45. b8=Q+ Nxb8 46. Rxb8+ Kf7 47. Rb7+ 1-0

[Event "45th Olympiad 2024"]
[Site "Budapest HUN"]
[Date "2024.09.18"]
[Round "7.61"]
[Board "4"]
[White "Makem Pierre"]
[Black "Azhar, Muhd Syakir Shazmeer"]
[Result "0-1"]
[WhiteElo "1860"]
[BlackElo "2086"]
[PlyCount "110"]
[EventDate "2024.09.11"]
[WhiteTeam "Cameroon"]
[BlackTeam "Malaysia"]
[WhiteTeamCountry "CAM"]
[BlackTeamCountry "MAS"]

1. d4 Nf6 2. Bf4 g6 3. Nd2 d5 4. e3 Bg7 5. h4 h5 6. Ngf3 O-O 7. Be2 c5 8. c3 cxd4 $146 ({RR} 8... Nc6 9. Ne5 Ne4 10. Ndf3 Qb6 11. Qb3 c4 12. Qxb6 axb6 13. Nxc6 bxc6 14. Ne5 c5 15. f3 Nf6 16. g4 cxd4 17. exd4 b5 18. Kf2 Ra6 19. Ke3 Be6 20. a3 Rfa8 21. Rag1 Kf8 22. Bd1 b4 23. axb4 {0-1 Carlstedt,J (2433)-Agrest,I (2276) Karlsruhe Grenke op 2019 (7)}) 9. exd4 Nc6 10. Ne5 Nxe5 11. Bxe5 Bf5 12. f3 Qc8 13. Bxf6 exf6 14. g4 hxg4 15. fxg4 Bd7 16. O-O Qc7 17. Kg2 Rae8 18. Rf2 Re6 19. Bf3 Qd6 20. c4 dxc4 21. Nxc4 Qa6 22. d5 Ree8 23. Qb3 b5 24. Qa3 Qxa3 25. Nxa3 Rc8 26. Nc2 f5 27. gxf5 Bxf5 28. Nb4 Rc4 29. Nc6 Re8 30. Rd1 Rxh4 31. d6 Bd7 32. Ne7+ Kh7 33. Bc6 Rxe7 34. dxe7 Bxc6+ 35. Kg3 Re4 36. Rxf7 g5 37. e8=Q Bxe8 38. Rxa7 Re6 39. b3 Kg6 40. Rd3 Be5+ 41. Kg4 Bf6 42. Kg3 b4 43. Ra5 Kh5 44. Rad5 Bc6 45. Ra5 Be5+ 46. Kf2 Be4 47. Rd2 Kg4 48. Rxe5 Rxe5 49. Rd4 Kf4 50. Rxb4 g4 51. Rc4 g3+ 52. Ke2 Rh5 53. a4 Rh2+ 54. Ke1 Rh1+ 55. Ke2 g2 0-1

[Event "45th Olympiad 2024"]
[Site "Budapest HUN"]
[Date "2024.09.18"]
[Round "7.62"]
[Board "1"]
[White "Mesfin, Leykun"]
[Black "Than, Min Hlaing"]
[Result "1-0"]
[WhiteElo "2118"]
[BlackElo "2121"]
[PlyCount "59"]
[EventDate "2024.09.11"]
[WhiteTeam "Ethiopia"]
[BlackTeam "Myanmar"]
[WhiteTeamCountry "ETH"]
[BlackTeamCountry "MYA"]

1. e4 c5 2. Nf3 d6 3. d4 cxd4 4. Nxd4 Nf6 5. Nc3 a6 6. Bg5 e6 7. Qd2 Nbd7 8. f3 b5 9. O-O-O ({RR} 9. a4 b4 10. Na2 h6 11. Bxf6 Nxf6 12. Nxb4 Bb7 13. Be2 Qc7 14. O-O Be7 15. Rae1 O-O 16. Kh1 Nd7 17. c4 Bg5 18. f4 Bh4 19. g3 Bf6 20. Bf3 Nc5 21. Nbc2 Nxa4 22. b3 Nc5 23. Qe3 e5 {0-1 Erokhin,A (1818)-Khismatullin,D (2579) Yekaterinburg Rapid 2023 (2.1)}) 9... Bb7 10. Kb1 Be7 11. h4 Qa5 $146 ({RR} 11... b4 12. Nce2 d5 13. Bxf6 Nxf6 14. e5 Nd7 15. f4 Nc5 16. f5 Ne4 17. Qe3 Qb6 18. g4 Rc8 19. Rh3 a5 20. Bg2 Nc5 21. Nf4 g5 22. Nh5 gxh4 23. fxe6 fxe6 24. Nxe6 Kd7 25. Nef4 Kc7 26. Nxd5+ {1-0 Chahrour,I (1980)-El Jawich,A (2173) LIB-ch Beirut 2013 (9)}) ({RR} 11... Nb6 12. Bd3 Qc7 13. g4 d5 14. e5 Nfd7 15. Bxe7 Kxe7 16. Rhe1 Nc4 17. Bxc4 Qxc4 18. f4 Nb6 19. f5 Rac8 20. g5 h6 21. g6 fxg6 22. Qg2 g5 23. hxg5 Rhg8 24. f6+ Kd7 25. Qh3 Rc6 26. Nxc6 {1-0 Carrasco Jacome,B (1786)-Mendoza Criollo,C (1828) Carpuela CupT U20 6th 2015 (3.1)}) ({RR} 11... Rc8 12. Bd3 Ne5 13. Nce2 h6 14. Be3 d5 15. Ng3 dxe4 16. fxe4 Nfg4 17. Nf3 Nxe3 18. Qxe3 Qc7 19. Nxe5 Qxe5 20. c3 O-O 21. Ne2 f5 22. Nd4 b4 23. Bc2 bxc3 24. bxc3 Ba3 25. Rhe1 f4 26. Qh3 {0-1 Ruzicka,M (1917)-Brychta,D (2146) CZE-chT2E 1516 2015 (3.8)}) 12. Bd3 Rc8 13. Rhe1 h6 14. Be3 b4 15. Nce2 d5 16. Nb3 Qc7 17. exd5 Nxd5 18. Bf2 O-O 19. g4 Rfd8 20. g5 hxg5 21. hxg5 g6 22. f4 Bf8 23. Bd4 Ne7 24. Ng3 Nf5 25. Nxf5 exf5 26. Qh2 f6 27. gxf6 Be4 28. f7+ Kxf7 29. Qh7+ Ke6 30. Qxg6+ 1-0